| 000 | 00683nam a2200265Ia 4500 | ||
|---|---|---|---|
| 005 | 20250425161757.0 | ||
| 008 | 250425s9999 xx 000 0 und d | ||
| 020 | _a9586007731 | ||
| 041 | _aspa | ||
| 082 | _a658.8 | ||
| 100 | _aMCCARTHY, E. JEROME | ||
| 245 | 0 | _aMARKETING PLANEACION ESTRATEGICA DE LA TEORIA A LA PRACTICA | |
| 250 | _a11A ED. | ||
| 260 | _aBOGOTA | ||
| 260 |
_aColombia _bMCGRAW HILL _c1996 |
||
| 300 | _a304 | ||
| 650 | _aMARKETING | ||
| 650 | _aPLANEACION ESTRATEGICA | ||
| 650 | _aPUBLICIDAD | ||
| 650 | _aTOMA DE DECISIONES | ||
| 700 |
_aMA. ELENA ROSAS S. _etraductor |
||
| 700 | _aPERREAULT, WILLIAM D. | ||
| 942 | _c01 | ||
| 010 | _a28598 | ||
| 999 |
_c215900 _d215900 |
||